ARRUPE JESUIT UNIVERSITY

CORONAVIRUS -STOP THE SPREAD - CLEAN,DISINFECT,COVER

Black drama anthology (Record no. 122444)

MARC details
000 -LEADER
fixed length control field 00520nam a22001577a 4500
008 - FIXED-LENGTH DATA ELEMENTS--GENERAL INFORMATION
fixed length control field 150313b xxu||||| |||| 00| 0 eng d
050 ## - LIBRARY OF CONGRESS CALL NUMBER
Classification number PS628.N4K5
100 ## - MAIN ENTRY--PERSONAL NAME
Personal name King, Woodie (ed.)
9 (RLIN) 16344
245 ## - TITLE STATEMENT
Title Black drama anthology
Statement of responsibility, etc /by Woodie King and Ron Milner
260 ## - PUBLICATION, DISTRIBUTION, ETC. (IMPRINT)
Place of publication, distribution, etc New York
Name of publisher, distributor, etc The New American library
Date of publication, distribution, etc 1971
300 ## - PHYSICAL DESCRIPTION
Extent x,671p. ;
Dimensions 18cm.
650 ## - SUBJECT ADDED ENTRY--TOPICAL TERM
Topical term or geographic name as entry element American drama
General subdivision Negro authors
9 (RLIN) 16345
650 ## - SUBJECT ADDED ENTRY--TOPICAL TERM
Topical term or geographic name as entry element American drama
Chronological subdivision 20th century
9 (RLIN) 16346
700 ## - ADDED ENTRY--PERSONAL NAME
Personal name Ron Milner (ed.)
9 (RLIN) 16347
942 ## - ADDED ENTRY ELEMENTS (KOHA)
Source of classification or shelving scheme Library of Congress Classification
Item type Monograph ( Printed materials)
Holdings
Withdrawn status Lost status Source of classification or shelving scheme Damaged status Not for loan Collection code Home library Current library Shelving location Date acquired Total Checkouts Full call number Barcode Date last seen Price effective from Koha item type
    Library of Congress Classification     Main Collection ARRUPE LIBRARY ARRUPE LIBRARY Main Collection 13/03/2015   PS628.N4K5 46500003692 16/03/2018 13/03/2015 Monograph ( Printed materials)

 

Arrupe Library. PO Box MP320 Mt Pleasant, Harare, Zimbabwe
263 242 745411|librarian@aju.ac.zw